书目信息 |
| 题名: |
公路工程施工组织与概预算
|
|
| 作者: | 艾冰 , 陆勇 主编 | |
| 分册: | ||
| 出版信息: | 北京 高等教育出版社 2016 |
|
| 页数: | 250页 | |
| 开本: | 26cm | |
| 丛书名: | ||
| 单 册: | ||
| 中图分类: | U415.2 , U415.13 | |
| 科图分类: | ||
| 主题词: | 道路工程--施工组织--高等职业教育--教材 , 道路工程--概算定额--高等职业教育--教材 , 道路工程--预算定额--高等职业教育--教材 | |
| 电子资源: | ||
| ISBN: | 978-7-04-046324-8 | |
| 000 | 01100nam0 2200289 450 | |
| 001 | 0103983927 | |
| 005 | 20170216152050.0 | |
| 010 | @a978-7-04-046324-8@dCNY29.80 | |
| 100 | @a20161012d2016 em y0chiy0120 ea | |
| 101 | 0 | @achi |
| 102 | @aCN@b110000 | |
| 105 | @ay z 000yy | |
| 106 | @ar | |
| 200 | 1 | @a公路工程施工组织与概预算@9Gong Lu Gong Cheng Shi Gong Zu Zhi Yu Gai Yu Suan @f艾冰,陆勇主编@b专著 |
| 210 | @a北京@c高等教育出版社@d2016 | |
| 215 | @a250页@d26cm | |
| 300 | @a高等职业教育新形态一体化教材 高职高专道路桥梁工程技术专业系列教材 | |
| 330 | @a本书分公路施工组织设计与公路工程概预算两部分。具体内容包括:施工过程组织、网络计划技术、施工组织设计、公路工程定额、公路工程概预算、公路工程造价软件。 | |
| 606 | 0 | @a道路工程@x施工组织@x高等职业教育@j教材 |
| 606 | 0 | @a道路工程@x概算定额@x高等职业教育@j教材 |
| 606 | 0 | @a道路工程@x预算定额@x高等职业教育@j教材 |
| 690 | @aU415.2@v5 | |
| 690 | @aU415.13@v5 | |
| 701 | 0 | @a艾冰@c(职业教育)@4主编@9ai bing |
| 701 | 0 | @a陆勇@c(桥梁工程)@4主编@9lu yong |
| 801 | 0 | @aCN@bAZmarc@c20230903 |
| 905 | @aBZT@dU415.2@e2@f1@sU415.2/2 | |
| 公路工程施工组织与概预算/艾冰,陆勇主编.-北京:高等教育出版社,2016 |
| 250页;26cm |
| 高等职业教育新形态一体化教材 高职高专道路桥梁工程技术专业系列教材 |
| ISBN 978-7-04-046324-8:CNY29.80 |
| 本书分公路施工组织设计与公路工程概预算两部分。具体内容包括:施工过程组织、网络计划技术、施工组织设计、公路工程定额、公路工程概预算、公路工程造价软件。 |
| ● |
| 相关链接 |
|
|
|
正题名:公路工程施工组织与概预算
索取号:U415.2/2
 
预约/预借
| 序号 | 登录号 | 条形码 | 馆藏地/架位号 | 状态 | 备注 |
| 1 | 2000007546 | 2000007546 | 旧书回溯/ [索取号:U415.2/2] | 在馆 |